[Event "MEX-ch 26 (Women)"]
[Site "Merida"]
[Date "2019.05.16"]
[Round "5"]
[White "Zayas Hernandez, Ana Patricia"]
[Black "Alarcon Morales, Alicia"]
[Result "0-1"]
[WhiteElo "1698"]
[BlackElo "1669"]
[PlyCount "56"]
[EventDate "2019.05.12"]
[EventType "swiss"]
[EventRounds "6"]
[EventCountry "MEX"]
[SourceTitle "EXT 2020"]
[Source "ChessBase"]
[SourceDate "2019.10.17"]
[SourceVersion "1"]
[SourceVersionDate "2019.10.17"]
[SourceQuality "1"]

1. e4 g6 2. Nf3 Bg7 3. d4 c6 4. c3 d5 5. Bd3 dxe4 6. Bxe4 Nf6 7. Bc2 0-0 8. 0-0 Qc7 9. h3 Nbd7 10. Re1 Re8 11. Bg5 c5 12. Nbd2 b6 13. Ne4 Bb7 14. Qd2 Rad8 15. Bh6 Bh8 16. Qg5 Nf8 17. dxc5 Nxe4 18. Bxe4 bxc5 19. Bxb7 Ne6 20. Qe3 Qxb7 21. Re2 Rd6 22. Rae1 Qa6 23. b3 Rd3 24. Qe4 Bxc3 25. Rc1 Bf6 26. Ne5 Rd4 27. Qe3 Qd6 28. Rce1 Rh4 0-1

[Event "MEX-ch 26 (Women)"]
[Site "Merida"]
[Date "2019.05.14"]
[Round "3"]
[White "Galindo Ramirez, Stephania"]
[Black "Alarcon Morales, Alicia"]
[Result "0-1"]
[WhiteElo "1660"]
[BlackElo "1669"]
[PlyCount "54"]
[EventDate "2019.05.12"]
[EventType "swiss"]
[EventRounds "6"]
[EventCountry "MEX"]
[SourceTitle "EXT 2020"]
[Source "ChessBase"]
[SourceDate "2019.10.17"]
[SourceVersion "1"]
[SourceVersionDate "2019.10.17"]
[SourceQuality "1"]

1. d4 d6 2. c4 e5 3. e3 exd4 4. exd4 Nf6 5. Nc3 g6 6. Be2 Bg7 7. Nf3 0-0 8. 0-0 d5 9. h3 h6 10. Bf4 c6 11. Qd2 Kh7 12. Rad1 Be6 13. c5 Ne4 14. Qc2 f5 15. Be5 Nd7 16. Bxg7 Kxg7 17. Nh2 Qc7 18. Nxe4 dxe4 19. Bc4 Rae8 20. Bxe6 Rxe6 21. Qc3 Nf6 22. d5 cxd5 23. Rxd5 Kf7 24. Rd2 Rc8 25. Rc1 e3 26. Rdd1 exf2+ 27. Kh1 Ne4 0-1

[Event "Mexico City Garritas 09th"]
[Site "Mexico City"]
[Date "2014.09.07"]
[Round "4"]
[White "Alarcon Morales, Alicia"]
[Black "Sandoval Mercado, Carlos"]
[Result "0-1"]
[WhiteElo "1658"]
[BlackElo "1944"]
[PlyCount "38"]
[EventDate "2014.09.05"]
[EventType "swiss"]
[EventRounds "5"]
[EventCountry "MEX"]
[SourceTitle "EXT 2018"]
[Source "ChessBase"]
[SourceDate "2017.10.13"]
[SourceVersion "1"]
[SourceVersionDate "2017.10.13"]
[SourceQuality "1"]

1. e4 c5 2. Nc3 e6 3. f4 Nc6 4. Nf3 h5 5. Bb5 h4 6. Bxc6 bxc6 7. e5 Ne7 8. Ne4 Nf5 9. d4 Qb6 10. c3 Ba6 11. Qb3 Qa5 12. Bd2 c4 13. Qc2 c5 14. h3 Qb6 15. Rd1 cxd4 16. cxd4 Nxd4 17. Nxd4 Qxd4 18. Bc1 Bb4+ 19. Bd2 Qe3+ 0-1

[Event "Mexico City Garritas-B 02nd"]
[Site "Mexico City"]
[Date "2014.02.26"]
[Round "4"]
[White "Alarcon Morales, Alicia"]
[Black "Perez Cortes, Emiliano"]
[Result "1-0"]
[WhiteElo "1608"]
[BlackElo "1878"]
[PlyCount "125"]
[EventDate "2014.02.24"]
[EventType "tourn"]
[EventRounds "5"]
[EventCountry "MEX"]
[SourceTitle "EXT 2018"]
[Source "ChessBase"]
[SourceDate "2017.10.13"]
[SourceVersion "1"]
[SourceVersionDate "2017.10.13"]
[SourceQuality "1"]

1. e4 c5 2. Nc3 Nc6 3. f4 e6 4. Nf3 d5 5. Bb5 Nf6 6. Bxc6+ bxc6 7. e5 Ng4 8. d3 Be7 9. 0-0 0-0 10. h3 Nh6 11. Qe1 Nf5 12. Ne2 Rb8 13. Ng3 Nd4 14. Qd1 Bh4 15. Nxd4 cxd4 16. Qg4 f5 17. exf6 Bxf6 18. b3 Qa5 19. a4 c5 20. f5 e5 21. Bg5 Qd8 22. Bxf6 Qxf6 23. Nh5 Qh6 24. Rae1 g6 25. Ng3 Qg7 26. Qg5 Re8 27. f6 Qf7 28. Nh5 e4 29. Ng7 Rf8 30. dxe4 Be6 31. e5 d3 32. cxd3 Rxb3 33. Rd1 a5 34. Rf4 Rb4 35. d4 cxd4 36. Qh6 d3 37. Rxb4 axb4 38. Nxe6 Re8 39. Ng5 Qa7+ 40. Kh1 Rf8 41. Qg7+ Qxg7 42. fxg7 Rf5 43. Nf3 Kxg7 44. Rxd3 Kf7 45. a5 Rf4 46. Rb3 Rc4 47. a6 Rc3 48. Rxb4 Ra3 49. Rb7+ Ke6 50. a7 h6 51. Nd4+ Kxe5 52. Nc6+ Kf4 53. Kh2 Ke3 54. Rb8 d4 55. a8Q Rxa8 56. Rxa8 d3 57. Rd8 d2 58. Ne7 Ke2 59. Nxg6 d1Q 60. Rxd1 Kxd1 61. g4 Kd2 62. Kg3 Ke3 63. Kh4 1-0

[Event "Mexico City Garritas-B 01st"]
[Site "Mexico City"]
[Date "2014.01.21"]
[Round "3"]
[White "Alarcon Morales, Alicia"]
[Black "Lopez Raygoza, Luis Alberto"]
[Result "0-1"]
[WhiteElo "1584"]
[BlackElo "2057"]
[PlyCount "46"]
[EventDate "2014.01.20"]
[EventType "tourn"]
[EventRounds "5"]
[EventCountry "MEX"]
[SourceTitle "EXT 2018"]
[Source "ChessBase"]
[SourceDate "2017.10.13"]
[SourceVersion "1"]
[SourceVersionDate "2017.10.13"]
[SourceQuality "1"]

1. e4 c5 2. Nc3 a6 3. f4 b5 4. Nf3 Bb7 5. d4 cxd4 6. Qxd4 Nc6 7. Qd1 e6 8. Be3 Nf6 9. Bd3 d6 10. 0-0 Ng4 11. Qd2 Be7 12. Kh1 Nxe3 13. Qxe3 0-0 14. a3 Rc8 15. g4 Na5 16. f5 Nc4 17. Bxc4 Rxc4 18. Rf2 d5 19. Rd2 Qa8 20. exd5 Bc5 21. Qe5 exd5 22. f6 Rxg4 23. Qh5 d4 0-1

[Event "Mexico City Jose Marti 6th"]
[Site "Mexico City"]
[Date "2013.12.17"]
[Round "2"]
[White "Luna Javier, Edgar Froylan"]
[Black "Alarcon Morales, Alicia"]
[Result "1-0"]
[WhiteElo "1866"]
[BlackElo "1590"]
[PlyCount "151"]
[EventDate "2013.12.16"]
[EventType "tourn"]
[EventRounds "6"]
[EventCountry "MEX"]
[SourceTitle "EXT 2018"]
[Source "ChessBase"]
[SourceDate "2017.10.13"]
[SourceVersion "1"]
[SourceVersionDate "2017.10.13"]
[SourceQuality "1"]

1. d4 d5 2. Nf3 Nf6 3. c4 dxc4 4. Nc3 e6 5. g3 Nbd7 6. Bg2 c5 7. 0-0 cxd4 8. Nxd4 Be7 9. e3 0-0 10. Qe2 e5 11. Nf5 Nb6 12. Rd1 Qc7 13. Nb5 Qc5 14. Nbd6 Bxd6 15. Nxd6 Bg4 16. f3 Bc8 17. Kf1 Rd8 18. Nxc8 Raxc8 19. Bh3 Rxd1+ 20. Qxd1 Re8 21. e4 Qd4 22. Ke2 Rd8 23. Qxd4 exd4 24. Bd2 Nbd7 25. Rc1 b5 26. Ba5 Re8 27. Rd1 d3+ 28. Kf2 Nc5 29. Bc3 Ra8 30. Bd4 Ne6 31. Be3 a5 32. Rc1 Rc8 33. Ke1 Rc6 34. Kd2 b4 35. b3 cxb3 36. Rxc6 b2 37. Rc8+ Nf8 38. Rc1 bxc1Q+ 39. Kxc1 N8d7 40. Bd4 Nb8 41. Kd2 Nc6 42. Kxd3 Kf8 43. e5 Nd5 44. Bb2 Nb6 45. Bd4 Nxd4 46. Kxd4 Na4 47. Kc4 Nc3 48. a3 Na2 49. axb4 axb4 50. Bf5 g6 51. Be4 Nc3 52. Kxb4 Nxe4 53. fxe4 Ke7 54. Kc5 Ke6 55. Kd4 h6 56. h3 h5 57. h4 Kd7 58. Ke3 Ke7 59. Kf3 Kd7 60. g4 hxg4+ 61. Kxg4 Ke7 62. Kg3 Ke6 63. Kf4 Ke7 64. Ke3 Kd7 65. Kd3 Ke7 66. Kc4 Ke6 67. Kd4 Ke7 68. Kd5 Kd7 69. e6+ fxe6+ 70. Kc5 Kc7 71. e5 Kd7 72. Kb6 Kd8 73. Kc6 Ke8 74. Kd6 Kf7 75. Kd7 Kf8 76. Kxe6 1-0

[Event "Mexico City Coyoacan 4th"]
[Site "Mexico City"]
[Date "2013.11.09"]
[Round "3"]
[White "Alarcon Morales, Alicia"]
[Black "Luna Javier, Edgar Froylan"]
[Result "0-1"]
[WhiteElo "1592"]
[BlackElo "1863"]
[PlyCount "50"]
[EventDate "2013.11.08"]
[EventType "tourn"]
[EventRounds "6"]
[EventCountry "MEX"]
[SourceTitle "EXT 2018"]
[Source "ChessBase"]
[SourceDate "2017.10.13"]
[SourceVersion "1"]
[SourceVersionDate "2017.10.13"]
[SourceQuality "1"]

1. e4 c5 2. Nc3 Nc6 3. f4 g6 4. Nf3 Bg7 5. Bc4 e6 6. d3 Nge7 7. Bb3 d5 8. e5 0-0 9. 0-0 Nf5 10. Qe1 Ncd4 11. g4 Nxf3+ 12. Rxf3 Nd4 13. Rh3 h6 14. Bd2 f6 15. exf6 Qxf6 16. Qf2 Bd7 17. Re1 Rf7 18. Nd1 Raf8 19. Rf1 b6 20. c3 Nxb3 21. axb3 e5 22. fxe5 Qxe5 23. Re1 Rxf2 24. Rxe5 Rf1+ 25. Kg2 Bxe5 0-1